Chromosomal aberrations in denetic diseases (Record no. 358457)
[ view plain ]
| 000 -LEADER | |
|---|---|
| fixed length control field | 00510 a2200193 4500 |
| 005 - DATE & TIME | |
| control field | 20250508163933.0 |
| 008 - FIXED-LENGTH DATA ELEMENTS--GENERAL INFORMATION | |
| fixed length control field | 250428b |||||||| |||| 00| 0 eng d |
| 020 ## - ISBN | |
| International Standard Book Number | 9781645321934 |
| Price | Rs. 5495.00 |
| 040 ## - CATALOGING SOURCE | |
| Original cataloging agency | VIVEKANANDA LIBRARY |
| 082 ## - DDC NUMBER | |
| Classification number | 616.042 |
| Book Number | B219C |
| 100 ## - MAIN ENTRY--PERSONAL NAME | |
| Personal name | Balwan, Wahied Khawar |
| 245 ## - TITLE STATEMENT | |
| Title | Chromosomal aberrations in denetic diseases |
| 260 ## - PUBLICATION, DISTRIBUTION, ETC. (IMPRINT) | |
| Name of publisher, distributor, etc | Alexis Press |
| Date of publication, distribution, etc | 2023 |
| Place of publication, distribution, etc | New York |
| 300 ## - PHYSICAL DESCRIPTION | |
| Pages | x, 143 |
| 650 ## - Subject | |
| Subject | Biochemistry |
| 650 ## - Subject | |
| Subject | Genetic Diseases |
| 650 ## - Subject | |
| Subject | Chromosomal |
| 942 ## - ADDED ENTRY ELEMENTS (KOHA) | |
| Koha item type | Books |
| Withdrawn status | Lost status | Source of classification or shelving scheme | Damaged status | Not for loan | Location (home branch) | Sublocation or collection (holding branch) | Shelving location | Date acquired | Koha issues (times borrowed) | Koha full call number | Accession No. | Koha date last seen | Koha item type |
|---|---|---|---|---|---|---|---|---|---|---|---|---|---|
| Dewey Decimal Classification | VIVEKANANDA LIBRARY | VIVEKANANDA LIBRARY | Vivekananda Library | 23/12/2024 | 1 | 616.042 B219C | 441372 | 12/02/2026 | Books |
